000 00439nam a2200157Ia 4500
008 160316s1963 xxu||||| |||| 00| 0 eng d
082 _a350.001000
_bLAP
100 _aLapalombara Joseph
245 _aBureaucracy and political development
250 _a
260 _aPrinceton
_bPrinceton University Press
_c1963
300 _a487p.
_b20 cm
_cxiv
365 _b
650 _a1. Political Development - Bureaucracy - U S A
700 _a
_a
999 _c3811
_d3811